=LDR 00000nam 2200000 4500 =001 INLIS000000000032262 =005 20130612134257 =008 ***********************************ind** =035 ##$$a0010-061300000032262 =041 ##$$a ind =082 ##$$a 440 =090 ##$$a 440, Mah b =100 ##$$a Mahluddin T, Denny =245 ##$$a Bahasa Prancis Sehari Hari, Denny Mahluddin T;Editor,Risqa =260 ##$$a 2003 $b Jakarta =300 ##$$a Vi,186 hlm, Illus, 18 Cm =650 ##$$a Bahasa Prancis =700 ##$$a Risqa =850 ##$$a NBPNMAT =990 ##$$a 0001/BPAP-NTB/20142014